| 000 | 00652nam 22002173 4500 | ||
|---|---|---|---|
| 001 | 202009 | ||
| 010 | _a978-972-0-70689-8 | ||
| 090 | _a202009 | ||
| 100 | _a20260430d u||y0pory50 ba | ||
| 200 |
_aOs meus amigos e eu _ftexto Maria Mañeru _gilustrações Susana Hoslet Barrios |
||
| 205 | _a1ª | ||
| 210 |
_aPorto _cPorto Editora _d2017 |
||
| 215 |
_a48 p. _cil. ; encadernado _d26 cm |
||
| 225 | _aContos com valores | ||
| 606 |
_945 _aLiteratura Infantil Espanhola |
||
| 675 |
_a821.134.2-93 _vPT _zpor |
||
| 700 |
_917220 _aMañeru _bMaría _f1971- |
||
| 702 |
_917221 _aBarrios _bSusana Hoslet |
||
| 801 |
_aPT _bBMMN _gRPC |
||
| 830 | _cIsabel | ||
| 990 | _cLIVROS | ||